书目信息 |
| 题名: |
管理运筹学
|
|
| 作者: | 龙子泉 , 陆菊春 编著 | |
| 分册: | ||
| 出版信息: | 武汉 武汉大学出版社 2002.12 |
|
| 页数: | 356页 | |
| 开本: | 24cm | |
| 丛书名: | ||
| 单 册: | ||
| 中图分类: | C931.1 | |
| 科图分类: | ||
| 主题词: | 管理--技术 , 管理--方法 | |
| 电子资源: | ||
| ISBN: | 7-307-03727-0 | |
| 000 | 00655nam0 2200217 450 | |
| 001 | 0832619835 | |
| 005 | 20081028090622.73 | |
| 010 | @a7-307-03727-0@dCNY27.00 | |
| 100 | @a20081028d2002 km y0chiy0120 ea | |
| 101 | 0 | @achi |
| 102 | @aCN@b420000 | |
| 200 | 1 | @a管理运筹学@Aguan li yun chou xue@f龙子泉,陆菊春编著@Flong zi quan,lu ju chun bian zhu |
| 210 | @a武汉@c武汉大学出版社@d2002.12 | |
| 215 | @a356页@d24cm | |
| 606 | 0 | @a管理@x技术 |
| 606 | 0 | @a管理@x方法 |
| 690 | @aC931.1@v4 | |
| 701 | 0 | @a龙子泉@Along zi quan@4编著 |
| 701 | 0 | @a陆菊春@Alu ju chun@4编著 |
| 801 | 0 | @aCN@b大连网信软件有限公司图书馆·11@c20081028 |
| 905 | @aZUCC@dC931.1@eL766 | |
| 管理运筹学/龙子泉,陆菊春编著.-武汉:武汉大学出版社,2002.12 |
| 356页;24cm |
| ISBN 7-307-03727-0:CNY27.00 |
| ● |
| 相关链接 |
|
|
|
正题名:管理运筹学
索取号:C931.1/L766
 
预约/预借
| 序号 | 登录号 | 条形码 | 馆藏地/架位号 | 状态 | 备注 |
| 1 | 460257 | 204602572 | 社科库509/509社科库 64排5列5层/ [索取号:C931.1/L766] | 在馆 |